000
00225 a2200097 4500
001
43963
100
_a
Kadebdirf
245
_a
The Revott in India 1857-58
260
_a
Switzerland
_b
Inter. Doc. Co.
_c
090
_c
27702
_d
27702
942
_a
NUST-CAE
_c
M
_c
19672
999
_c
279036
_d
279036